000 00575nam a2200205Ia 4500
005 20250923145111.0
008 008 250917s9999 xx 000 0 eng d
037 _aTextual
040 _aDSWL
_beng
_cDSWL
041 _aeng
_2eng
084 _aX8(J).2'N6, N66;1
_qDSWL
100 _aJain, S.C.
_9831790
245 0 _aEconomic institution of rural
_cby S.C. Jain
260 _aBombay
_bPopular Prakaan
_c1966
300 _a78 p.
365 _aINR
_b18
925 _g18
942 _cTEXL
_hX8(J).2'N6, N66;1
999 _c1447087
_d1447087